EFL Championship 19/20 Clubs - Statistics

General Stats
  • This quiz has been taken 153 times
  • The average score is 19 of 24
Answer Stats
Championship % Correct
Leeds United
99%
Cardiff City
87%
West Bromwich Albion
87%
Swansea City
86%
Derby County
85%
Fulham
85%
Birmingham City
82%
Brentford
81%
Barnsley
80%
Nottingham Forest
80%
Queens Park Rangers
79%
Hull City
78%
Luton Town
78%
Huddersfield Town
77%
Sheffield Wednesday
77%
Bristol City
76%
Charlton Athletic
76%
Stoke City
76%
Wigan Athletic
76%
Millwall
72%
Preston North End
72%
Blackburn Rovers
69%
Reading
69%
Middlesbrough
66%
No matching quizzes found
Score Distribution
Percent of People with Each Score
Percentile by Number Answered
Your Score History
You have not taken this quiz